| 000 | 00551nam a2200241Ia 4500 | ||
|---|---|---|---|
| 008 | 210210b1978 xxu||||| |||| 00| 0 eng d | ||
| 082 | _a657.42 JAIP | ||
| 100 | _aJAIN (S P) | ||
| 245 | _aPractical problems in cost accounting Ed 2 | ||
| 250 | _a | ||
| 260 |
_aNew Delhi. _bKalyani Publishers, _c1978 |
||
| 300 | _a696 | ||
| 650 | _aproblems | ||
| 650 | _aPractical | ||
| 650 | _ain | ||
| 650 | _aEd | ||
| 650 | _acost | ||
| 650 | _aaccounting | ||
| 650 | _a2 | ||
| 690 | _aCost Accounting | ||
| 700 | _aNARANG (K L) | ||
| 906 | _a034493 | ||
| 999 |
_c85316 _d85316 |
||